<?xml version="1.0" encoding="UTF-8"?>
<marc:record xmlns:marc="http://www.loc.gov/MARC21/slim">
   <marc:leader>00000nam a2200000 a 4500</marc:leader>
   <marc:datafield ind1="1" ind2=" " tag="100">
      <marc:subfield code="a">Flessner, Bernd</marc:subfield>
      <marc:subfield code="4">aut</marc:subfield>
      <marc:subfield code="e">Verfasser/-in</marc:subfield>
   </marc:datafield>
   <marc:datafield ind1="0" ind2="0" tag="245">
      <marc:subfield code="a">Roboter</marc:subfield>
   </marc:datafield>
   <marc:datafield ind1="0" ind2="0" tag="245">
      <marc:subfield code="b">Superhirne und starke Helfer</marc:subfield>
   </marc:datafield>
   <marc:datafield ind1="0" ind2="0" tag="245">
      <marc:subfield code="c">Bernd Flessner</marc:subfield>
   </marc:datafield>
   <marc:datafield ind1=" " ind2="1" tag="264">
      <marc:subfield code="a">Nürnberg</marc:subfield>
      <marc:subfield code="b">Tessloff</marc:subfield>
      <marc:subfield code="c">2014</marc:subfield>
   </marc:datafield>
   <marc:datafield ind1="1" ind2=" " tag="490">
      <marc:subfield code="a">was ist was</marc:subfield>
   </marc:datafield>
   <marc:datafield ind1="1" ind2=" " tag="520">
      <marc:subfield code="a">Ob in Fabriken oder Krankenhäusern, im Sport oder als Spielzeug - Roboter sind faszinierende Maschinen und aus unserem Alltag nicht mehr wegzudenken. Der Marsrover erforscht den roten Planeten, Drohnen fliegen wie von Zauberhand und Roboter Beetle hilft beim Aufräumen. Wie funktioniert ein Roboter? Welche Aufgaben kann er übernehmen und wo stößt er an seine Grenzen? In diesem WAS IST WAS-Band erfahren junge Leser alles über diese Superhirne, die nach und nach immer mehr Lebensbereiche erobern. (Verlagstext)</marc:subfield>
   </marc:datafield>
   <marc:datafield ind1=" " ind2=" " tag="020">
      <marc:subfield code="a">9783788620899</marc:subfield>
      <marc:subfield code="9">9783788620899</marc:subfield>
   </marc:datafield>
   <marc:datafield ind1=" " ind2=" " tag="041">
      <marc:subfield code="a">ger</marc:subfield>
   </marc:datafield>
   <marc:datafield ind1=" " ind2=" " tag="300">
      <marc:subfield code="a">48 S. : zahlr. Ill.</marc:subfield>
   </marc:datafield>
</marc:record>
